000 00438nam a2200169Ia 4500
001 20709
003 IN-NITTTR
005 20251114233236.0
008 251113s9999||||xx |||||||||||||| ||eng||
040 _beng
040 _cIN-NITTTR
041 _aeng
082 _a418.007 D44 S
100 _aDi Pietro, Robert J.
245 0 _aStrategic interaction :
_blearning languages through scenarios /
_cDi Pietro, Robert J.
942 _2ddc
_cBK
999 _c23339
_d23339